| 000 | 01453cam a2200397 a 4500 | ||
|---|---|---|---|
| 001 | 11967228 | ||
| 003 | OSt | ||
| 005 | 20140310184309.0 | ||
| 008 | 000407s2001 nyu c 000 1 eng | ||
| 010 | _a 00039329 | ||
| 020 | _a0439434173 | ||
| 040 |
_aDLC _cDLC _dDLC |
||
| 042 | _alcac | ||
| 050 | 0 | 0 |
_aPZ 7 _b.T21723 2003 |
| 082 | 0 | 0 | _a[Fic] |
| 100 | 1 |
_aTaylor, Mildred D. _918415 |
|
| 245 | 1 | 4 |
_aThe land / _cMildred D. Taylor. |
| 260 |
_aNew York : _bscholastic, _c2001. |
||
| 300 |
_a375 p. : _c24 cm. |
||
| 521 | _aG5 | ||
| 526 | _c760 | ||
| 650 | 0 |
_aRacially mixed people _vJuvenile fiction. _923222 |
|
| 650 | 0 |
_aLogan family (Fictitious characters : Taylor) _vFiction. _923223 |
|
| 650 | 1 |
_aRacially mixed people _vFiction. _923224 |
|
| 650 | 1 |
_aAfrican Americans _vFiction. _923225 |
|
| 650 | 1 |
_aPrejudices _vFiction. _923226 |
|
| 650 | 1 |
_aRace relations _vFiction. _923227 |
|
| 651 | 1 |
_aSouthern States _vFiction. _923228 |
|
| 856 | 4 | 2 |
_3Publisher description _uhttp://www.loc.gov/catdir/enhancements/fy1203/00039329-d.html |
| 856 | 4 | 1 |
_3Sample text _uhttp://www.loc.gov/catdir/enhancements/fy1203/00039329-s.html |
| 906 |
_a7 _bcbc _corignew _d1 _eocip _f20 _gy-gencatlg |
||
| 942 |
_2lcc _cBK-SCHOLAS |
||
| 999 |
_c33512 _d33512 |
||